Statistics for Fighting Type Pokemon Moves

Click here to take the quiz!

General Stats

  • This quiz has been taken 66 times
  • The average score is 31 of 50

Answer Stats

HintAnswer% Correct
HHigh Jump Kick
95%
KKarate Chop
90%
AAura Sphere
88%
BBulk Up
88%
JJump Kick
88%
MMach Punch
88%
CClose Combat
85%
FFocus Blast
78%
DDetect
76%
DDouble Kick
76%
DDynamic Punch
76%
FFocus Punch
76%
LLow Kick
73%
LLow Sweep
73%
PPower Up Punch
73%
BBrick Break
71%
SSuperpower
71%
CCircle Throw
68%
CCounter
68%
CCross Chop
68%
SSeismic Toss
68%
AArm Thrust
66%
RRolling Kick
66%
SSubmission
66%
TTriple Kick
66%
VVital Throw
66%
VVacuum Wave
63%
DDrain Punch
61%
HHammer Arm
61%
RRock Smash
61%
WWake-Up Slap
61%
FForce Palm
59%
AAll-Out Pummeling
56%
FFlying Press
56%
SSacred Sword
56%
SSecret Sword
54%
SSky Uppercut
54%
QQuick Guard
51%
MMax Knuckle
49%
RRevenge
49%
RReversal
49%
SStorm Throw
49%
MMat Block
39%
NNo Retreat
39%
CCoaching
37%
FFinal Gambit
34%
BBody Press
32%
GG-Max Chi Strike
27%
MMeteor Assault
24%
OOctoblock
12%

Score Distribution

Percentile by Number Answered

Percent of People with Each Score

Your Score History

You have not taken this quiz